Malcolm McDonald on Marketing Planning / Understanding Marketing Plans and Strategy (Record no. 6256)
[ view plain ]
| 000 -LEADER | |
|---|---|
| fixed length control field | 01231cam a22001934a 4500 |
| 005 - ΗΜΕΡΟΜΗΝΙΑ ΚΑΙ ΩΡΑ ΤΕΛΕΥΤΑΙΑΣ ΕΝΗΜΕΡΩΣΗΣ | |
| Πεδίο ελέγχου | 20250605164237.0 |
| 008 - FIXED-LENGTH DATA ELEMENTS--GENERAL INFORMATION | |
| Πεδίο ελέγχου σταθερού μήκους | 250528s ||||||||||||||||||||||||d |
| 035 ## - SYSTEM CONTROL NUMBER | |
| System control number | 21188 |
| 020 ## - ISBN | |
| ISBN | 9780749451493 |
| 040 ## - ΠΗΓΗ ΚΑΤΑΛΟΓΟΓΡΑΦΗΣΗΣ | |
| Φορέας πρωτότυπης καταλογογράφησης | MC Athens Campus Library |
| Γλώσσα καταλογογράφησης | Ελληνικά, Μοντέρνα (1453-) |
| Modifying agency | MC Athens Campus Library |
| Κανόνες περιγραφικής καταλογογράφησης | AACR2 |
| 245 1# - ΤΙΤΛΟΣ ΚΑΙ ΔΗΛΩΣΗ ΥΠΕΥΘΥΝΟΤΗΤΑΣ | |
| Τίτλος | Malcolm McDonald on Marketing Planning / Understanding Marketing Plans and Strategy |
| 260 ## - PUBLICATION, DISTRIBUTION, ETC. | |
| Name of publisher, distributor, etc. | Kogan Page, |
| Date of publication, distribution, etc. | 2008 |
| 300 ## - PHYSICAL DESCRIPTION | |
| Extent | 198 |
| 520 ## - SUMMARY, ETC. | |
| Summary, etc. | This book will help you to appreciate the benefits of rigorous marketing planning and will guide you through the production of a marketing plan made to work in the real world. Preface, Introduction, Understanding Marketing Planning, How Marketing Planning Fits with Corporate Planning, The Strategic Marketing Planning Process and the Marketing Plan, Defining Markets and Segments Prior to Planning, Understanding Product and Services Prior to Planning, Setting Marketing Objectives and Strategies, Advertising and Sales Promotion Strategies, Sales Strategies, Price Strategies, Place (Distribution and Customer Service) Strategies, Information and Organization, Making Marketing Planning Work, Next Steps, Index. |
| 700 1# - ΠΡΟΣΘΕΤΗ ΑΝΑΓΡΑΦΗ--ΦΥΣΙΚΟ ΠΡΟΣΩΠΟ | |
| Personal name | Mcdonald Malcolm H. B |
| 9 (RLIN) | 2014 |
| 942 ## - ADDED ENTRY ELEMENTS (KOHA) | |
| Koha item type | Books |
| Τύπος τεκμηρίου | Βιβλιοθήκη | Τρέχουσα τοποθεσία | Barcode | Αριθμός εισαγωγής | Ημερομηνία απόκτησης | Ταξιθετικό σύμβολο | Αριθμός αντιτύπου | Κατάσταση απόσυρσης | Κατάσταση χαμένου | Κατάσταση κατεστραμμένου | Μη δανεισμός | Σύνολο δανεισμών | Ημερομηνία τελευταίας εμφάνισης | Η τιμή ισχύει από |
|---|---|---|---|---|---|---|---|---|---|---|---|---|---|---|
| Books | MC Athens Campus Library | MC Athens Campus Library | 9780000062550 | 4847 | 05/06/2025 | 658.8902 MCD | 1 | 05/06/2025 | 05/06/2025 |